Hyatt Hotel Brands - Statistics

General Stats
  • This quiz has been taken 83 times
    53 since last reset
  • The average score is 10 of 27
Answer Stats
Answer % Correct
2 Hyatt
83%
8 Park Hyatt
77%
1 Hyatt Regency
74%
4 Hyatt Place
69%
3 Grand Hyatt
66%
6 Andaz
60%
5 Hyatt House
60%
7 Hyatt Centric
49%
15 Thompson Hotels
49%
10 Hyatt Ziva
43%
18 Joie de Vivre
37%
14 Alila
34%
11 Hyatt Zilara
34%
16 Unbound Collection
34%
17 Destination Hotels
29%
9 Miraval
29%
21 Secrets
29%
19 Caption by Hyatt
26%
20 Dreams
26%
13 UrCove
23%
23 Zoetry
23%
24 Breathless
17%
22 Impression by Secrets
14%
27 Sunscape
14%
26 Alua
11%
25 Hyatt Vivid
11%
12 Hyatt Residence Club
3%
No matching quizzes found
Score Distribution
Percent of People with Each Score
Percentile by Number Answered
Your Score History
You have not taken this quiz since the last reset